Scotland to gain 21 500 new affordable homes (Record no. 118115)
[ view plain ]
| 000 -LEADER | |
|---|---|
| fixed length control field | 01160cam a2200229 4500 |
| 001 - CONTROL NUMBER | |
| control field | WB@3612-408 |
| 008 - FIXED-LENGTH DATA ELEMENTS--GENERAL INFORMATION | |
| fixed length control field | 041004n2004 000 0 eng u |
| 035 ## - SYSTEM CONTROL NUMBER | |
| System control number | (Sirsi) u127617 |
| 245 ## - TITLE STATEMENT | |
| Title | Scotland to gain 21 500 new affordable homes |
| 260 ## - PUBLICATION, DISTRIBUTION, ETC. | |
| Date of publication, distribution, etc. | 2004 |
| 490 ## - SERIES STATEMENT | |
| Series statement | Scottish Executive News Release |
| Volume/sequential designation | 30 September 2004 (2) |
| 520 ## - SUMMARY, ETC. | |
| Summary, etc. | A new £1.17bn affordable homes plan for Scotland has been announced representing a one-third increase in housing approval rates over current levels, rising from around 6 000 per year to 8 000 in 2007/08. The rate at which homes for social rent are approved for construction will increase to 6 400 per year by 2007/08, twice as many per head compared to current English plans. It will also allow expansion in support for low-cost home ownership with 5 000 homes to be approved over the three year period. http://www.scotland.gov.uk/News/Releases/2004/09/3 0101527 |
| 590 ## - LOCAL NOTE (RLIN) | |
| Local note | WB |
| 590 ## - LOCAL NOTE (RLIN) | |
| Local note | WB |
| 650 ## - SUBJECT ADDED ENTRY--TOPICAL TERM | |
| Topical term or geographic name entry element | HOUSING APPROVAL |
| 650 ## - SUBJECT ADDED ENTRY--TOPICAL TERM | |
| Topical term or geographic name entry element | SCOTLAND |
| 650 ## - SUBJECT ADDED ENTRY--TOPICAL TERM | |
| Topical term or geographic name entry element | LOW-COST HOMES |
| 650 ## - SUBJECT ADDED ENTRY--TOPICAL TERM | |
| Topical term or geographic name entry element | SOCIAL RENTED SECTOR |
| 650 ## - SUBJECT ADDED ENTRY--TOPICAL TERM | |
| Topical term or geographic name entry element | Affordable housing |
| 9 (RLIN) | 6215 |
| 690 ## - LOCAL SUBJECT ADDED ENTRY--TOPICAL TERM (OCLC, RLIN) | |
| Topical term or geographic name as entry element | HOUSING-DEVELOPMENT |
| 942 ## - ADDED ENTRY ELEMENTS (KOHA) | |
| Suppress in OPAC | 0 |
| Withdrawn status | Lost status | Source of classification or shelving scheme | Damaged status | Not for loan | Home library | Current library | Shelving location | Date acquired | Total Checkouts | Full call number | Barcode | Date last seen | Copy number | Price effective from | Koha item type |
|---|---|---|---|---|---|---|---|---|---|---|---|---|---|---|---|
| Dewey Decimal Classification | London | London | News article | 04/10/2004 | WB4038-10 | 127617-1001 | 06/08/2019 | 1 | 06/08/2019 | News article |